Constitutions, taxation and land policy

Bibliographic Details
Main Author: Bernard, Micheal M.
Format: Book
Published: Toronto : D.C. Heath and company , 1979
Subjects:

MARC

LEADER 00000cam a2200000 7i4500
001 0000004075
005 20050629.0
020 |a 0669028231 (Vol. 1) 
040 |a INS 
090 0 0 |a KF6535.   |b B47 1979 
100 1 |a Bernard, Micheal M. 
245 1 0 |a Constitutions, taxation and land policy   |c Micheal M. Bernard 
260 |a Toronto :   |b D.C. Heath and company ,   |c 1979 
300 |a xiiip :   |b 161p ;   |c 22cm. 
650 0 0 |a Land use   |x Law, legislation   |z United States 
650 0 0 |a Real property & taxation   |z United States 
651 0 |a United States   |x Constitutional Law 
999 |a 0000005270   |b BOOK   |c Open Shelf   |e Default branch